Roblox pillar chase 2 - Statistics

General Stats
  • This quiz has been taken 285 times
    83 since last reset
  • The average score is 17 of 20
Answer Stats
Hint Answer % Correct
Can jump and causes players to fall down, based on the villain in Mario 85 and also in a fnf mod Mx
98%
One of the free monsters, based on blades Minecraft horror mod Rosemary
98%
A monster that can turn into players, based on a the monster from a 2000’s indie game with the same name Ao oni
96%
Can place notebooks, based on a 2018 indie game where he’s the main character, also has the same name as the game (not in the game rn) Baldi
96%
Can place black oval traps, based on a version of sonic.exe, also is in a fnf mod (not in the game rn) Exe/Faker
96%
Dont look at the scary man or u die, based on a popular Minecraft horror mod Fogborn
96%
The other free monster, based on a game similar to its name Vapor
96%
Can throw his weapon at players dealing massive damage, based on the main villain in a popular 2014 indie game (not in the game rn) Springtrap
91%
Lay down the beat, based on Jake Bowen yt series with the same name Uncle samsonite
91%
Can place ink puddles, based on a monster in a indie game that came out in 2017 Inkfell
87%
Can trap players in a tree, based on the main villain in Coronation Day and in a fnf mod The forest king/ tfk
87%
can shoot BALLS, is a mix of two other characters and is one of blades oc WYST/ weird yellow smiling thing
87%
AWOGA?, based on the same game as the third question Fuwatti
83%
Can crouch down and fills up a meter, based on another very famous creepypasta Jeffery woods/ Jeff the killer
79%
Can teleport you into a area where you have to run to the end and grab a ring, based on a popular creepypasta (not in the game rn) PCX
79%
Can go somewhat invisible, based on a analog horror series with somewhat the same name (not in the game rn) Vita mimic
77%
Can place radiation puddles, is also a oc and is based on a popular monster/kaiju Niloticus
72%
can transform into a bigger and stronger version of itself, based on a 2000’s horror game character (not in the game rn) Stricken/ tinky winky
70%
can go invisible and make a illusion of its self, is another oc with a bird appearance Valem
70%
Is a player that can kill other players, has a mask on Zombie
55%
No matching quizzes found
Score Distribution
Percent of People with Each Score
Percentile by Number Answered
Your Score History
You have not taken this quiz since the last reset